Análisis hidráulico de las obras de excedenciaas de la Planta Hidroeléctrica Cachí

Kaydedildi:
Detaylı Bibliyografya
Yazar: Parrales Castillo, Ariadna
Materyal Türü: Kitap
Dil:Spanish
Baskı/Yayın Bilgisi: [San José], Costa Rica 2015
Konular:
Etiketler: Etiketle
Etiket eklenmemiş, İlk siz ekleyin!

MARC

LEADER 00000nam a22000007a 4500
003 012288
005 20221231143934.0
008 151113b2015 cr a|||| |||| 00| 0 spa d
040 |c cru CEDI  
090 |a TFG 7452 
100 |9 2310  |a Parrales Castillo, Ariadna 
245 |a Análisis hidráulico de las obras de excedenciaas de la Planta Hidroeléctrica Cachí 
260 |a  [San José], Costa Rica  |c 2015 
500 |a Proyecto de Graduación (licenciatura en ingeniería civil)--Universidad de Costa Rica. Facultad de Ingeniería. Escuela de Ingeniería Civil 
650 |x PLANTA HIDROELECTRICA CACHI (PARAISO, CARTAGO, COSTA RICA)  |x VERTEDEROS   |x REPRESAS  |x EMBALSES   |9 2311 
942 |c TFG 
999 |c 14512  |d 14512